00321nam a2200121Ia 4500008004100000082001600041100002100057245007300078250000900151260002300160300000800183650000800191191201s2008 xx 000 0 und d a004.62bCOI aCOMER, Douglas E 0aInternetworking with TCP/IP: Principles, Protocols, and Architecture aRep. aN.DelhibPHIc2008 a650 aMCA